| 000 | 01032cam a2200289 a 4500 | ||
|---|---|---|---|
| 001 | 999174 | ||
| 003 | ARRUPE | ||
| 005 | 20140924165610.0 | ||
| 008 | 870917s1986 sz b 000 0 eng | ||
| 010 | _a 86211225 | ||
| 020 | _a2825408638 (pbk.) | ||
| 040 |
_aDLC _cDLC _dDLC |
||
| 043 | _ad------ | ||
| 050 | 0 | 0 |
_aBV4527 _b.N45 1986 |
| 082 | 0 | 0 |
_a208/.8042 _219 |
| 245 | 0 | 0 |
_aNew eyes for reading : _bbiblical and theological reflections by women from the third world / _cedited by John S. Pobee and Bärbel von Wartenberg-Potter. |
| 260 |
_aGeneva : _bWorld Council of Churches, _cc1986. |
||
| 300 |
_aviii, 108 p. ; _c22 cm. |
||
| 504 | _aIncludes bibliographical references. | ||
| 650 | 0 |
_aWomen _zDeveloping countries _xReligious life. _911608 |
|
| 650 | 0 |
_aWomen in the Bible. _97784 |
|
| 650 | 0 |
_aWomen _xReligious aspects _xChristianity. _97461 |
|
| 700 | 1 |
_aPobee, John S. _96156 |
|
| 700 | 2 |
_aWartenberg-Potter, Bärbel von. _911609 |
|
| 906 |
_a7 _bcbc _corignew _d3 _encip _f19 _gy-gencatlg |
||
| 942 |
_2lcc _cMONOGRAPH |
||
| 999 |
_c120945 _d120945 |
||